| 000 | 01685cam a2200349 i 4500 | ||
|---|---|---|---|
| 999 |
_c64677 _d64677 |
||
| 001 | 1366958 | ||
| 003 | CO-MdFUSB | ||
| 005 | 20181031085206.0 | ||
| 008 | 120615t2012 gaua g b 000 0 eng d | ||
| 020 | _a9780983145776 | ||
| 020 | _a0983145776 | ||
| 040 |
_aMIPRT _bspa _cCO-MdFUSB _dCO-MdFUSB _dTLE _dOCLCA _dOCLCF _dMXL _dOCLCQ _dYDX _dPTS _erda |
||
| 041 | _aeng | ||
| 049 | _aPTSS | ||
| 082 | 0 | 4 |
_224 _aG 227.4 _bF413g |
| 100 | 1 |
_aFesko, J. V., _d1970- _eautor |
|
| 245 | 0 | 0 |
_aGalatians _c/ J.V. Fesko ; John D. Payne, editor de series. |
| 264 | 1 |
_aPowder Springs, Georgia : _bTolle Lege Press, _c℗[2012] |
|
| 264 | 4 | _c©2012 | |
| 300 |
_axxx, 209 páginas : _bilustraciones ; _c22 cm. |
||
| 336 |
_2rdacontent _atexto _btxt |
||
| 337 |
_2rdamedia _asin mediación _bn |
||
| 338 |
_2rdacarrier _avolumen _bnc |
||
| 490 | 1 | _aLectio continua expository commentary on the New Testament | |
| 505 | 0 | _aNingún otro evangelio -- Llamado por Dios -- Pablo aceptado por los apóstoles -- Justificado solo por la fe -- ¿Perfeccionado por la carne? -- El evangelio en el Antiguo Testamento -- Los justos vivirán solo por la fe -- La semilla prometida -- ¿Por qué la ley? -- Hijos de Abraham, hijos de Dios -- Ya no son esclavos -- Nunca vuelvas -- Cristo se formó en ti -- Sarah y Agar -- Libertad en Cristo - Amémonos unos a otros - Camina por el Espíritu -- El fruto del Espíritu -- Llevando las cargas de los demás -- Especialmente a la familia de la fe -- La paz sobre el Israel de Dios. | |
| 630 | 0 | 7 |
_aBiblia. _pGalatas |
| 830 | 0 | _aLectio continua. | |
| 942 | _cBK | ||